[Event "LSS No Engine Cup 229 Preliminary 0"]
[Site "LSS email"]
[Date "2022.08.25"]
[Round "?"]
[White "Ozen, Bahadir"]
[Black "Schnoewitz, Brigitte"]
[Result "1-0"]
[WhiteElo "1600"]
[BlackElo "1199"]
[PlyCount "77"]
[EventDate "2022.08.25"]
[EventType "tourn (corr)"]
[EventRounds "6"]
[EventCountry "GER"]
[SourceTitle "Corr 2024"]
[Source "ChessBase"]
[SourceDate "2023.10.19"]
[SourceVersion "1"]
[SourceVersionDate "2023.10.19"]
[SourceQuality "1"]

1. Nf3 d5 2. e3 Nf6 3. c4 e6 4. Nc3 Be7 5. b3 c6 6. Bb2 0-0 7. d4 Nbd7 8. Bd3 a6 9. 0-0 c5 10. cxd5 exd5 11. dxc5 Nxc5 12. Be2 b5 13. Nd4 Bb7 14. Nf5 Re8 15. Nxe7+ Qxe7 16. Ba3 Qc7 17. Rc1 Ne6 18. Nxd5 Qe5 19. Nxf6+ Qxf6 20. f4 Rad8 21. Qe1 Nf8 22. Bg4 Rd3 23. Qf2 Rdxe3 24. h3 Rd3 25. Rc7 Be4 26. Re1 Qd4 27. Qxd4 Rxd4 28. Bf5 g6 29. Bc5 gxf5 30. Bxd4 Ne6 31. Rd7 Nxf4 32. Re3 Ng6 33. Rc3 Nf4 34. Rg3+ Ng6 35. h4 h5 36. Rg5 Bb1 37. Rxh5 Bxa2 38. Rg5 Bxb3 39. h5 1-0

[Event "LSS No Engine Cup 227 Preliminary 0"]
[Site "LSS email"]
[Date "2022.05.26"]
[Round "?"]
[White "Ozen, Bahadir"]
[Black "Schnoewitz, Brigitte"]
[Result "1-0"]
[WhiteElo "1600"]
[BlackElo "1205"]
[PlyCount "67"]
[EventDate "2022.05.26"]
[EventType "tourn (corr)"]
[EventRounds "6"]
[EventCountry "GER"]
[SourceTitle "Corr 2024"]
[Source "ChessBase"]
[SourceDate "2023.10.19"]
[SourceVersion "1"]
[SourceVersionDate "2023.10.19"]
[SourceQuality "1"]

1. c4 c5 2. Nf3 e6 3. Nc3 a6 4. g3 Nf6 5. Bg2 Be7 6. 0-0 0-0 7. d4 cxd4 8. Nxd4 d6 9. b3 Qc7 10. Bb2 Nc6 11. Rc1 Bd7 12. Nd5 Qd8 13. Nxe7+ Qxe7 14. Ba3 Ne8 15. Qd2 Rb8 16. Rfd1 Rc8 17. Nf3 Rd8 18. Bxd6 Nxd6 19. Qxd6 Qf6 20. Qc7 Bc8 21. Rxd8 Rxd8 22. Ne1 Nd4 23. Kf1 e5 24. Rd1 Re8 25. e3 Ne6 26. Qb6 h5 27. Bxb7 Bxb7 28. Qxb7 Ng5 29. h4 Nh3 30. Qf3 Qg6 31. e4 a5 32. Qf5 Qe6 33. Qxe6 Rxe6 34. Kg2 1-0

[Event "LSS No Engine Cup 226 Preliminary 0"]
[Site "LSS email"]
[Date "2022.03.27"]
[Round "?"]
[White "Schnoewitz, Brigitte"]
[Black "Molina, Vicente Andres"]
[Result "1-0"]
[WhiteElo "1205"]
[BlackElo "1029"]
[PlyCount "105"]
[EventDate "2022.03.27"]
[EventType "tourn (corr)"]
[EventRounds "6"]
[EventCountry "GER"]
[SourceTitle "Corr 2024"]
[Source "ChessBase"]
[SourceDate "2023.10.19"]
[SourceVersion "1"]
[SourceVersionDate "2023.10.19"]
[SourceQuality "1"]

1. d4 Nf6 2. Bf4 d6 3. e3 Bg4 4. Nf3 Nbd7 5. Be2 c6 6. c3 Qc7 7. h3 Bh5 8. Nbd2 e5 9. dxe5 dxe5 10. Nxe5 Bxe2 11. Nxd7 Bxd1 12. Nxf6+ gxf6 13. Bxc7 Bc2 14. 0-0 Kd7 15. Bg3 Bd6 16. Bxd6 Kxd6 17. Rac1 Bd3 18. Rfe1 Rad8 19. Nb3 b6 20. Nd4 c5 21. Nf3 Be4 22. Nh2 Ke6 23. f3 Bd5 24. c4 Bc6 25. Rcd1 h5 26. e4 Ke5 27. Nf1 f5 28. exf5+ Kf6 29. Rxd8 Rxd8 30. Ng3 h4 31. Nf1 Kxf5 32. Re2 Rd4 33. b3 b5 34. Nd2 bxc4 35. Nxc4 Bd5 36. Ne3+ Kf4 37. Nxd5+ Rxd5 38. Re4+ Kg5 39. Re7 f6 40. Rxa7 Kf4 41. Rc7 Rd2 42. a4 Kg3 43. Rg7+ Kf4 44. Rg4+ Kf5 45. Rxh4 Rd3 46. Rh5+ Kf4 47. Rxc5 Rxb3 48. a5 Kg3 49. Kf1 Rb2 50. a6 Ra2 51. Rc6 Ra1+ 52. Ke2 Kxg2 53. Rxf6 1-0

[Event "LSS No Engine Cup 222 Preliminary 0"]
[Site "LSS email"]
[Date "2021.10.23"]
[Round "?"]
[White "Schnoewitz, Brigitte"]
[Black "Henke, Simon"]
[Result "0-1"]
[WhiteElo "1193"]
[BlackElo "2098"]
[PlyCount "58"]
[EventDate "2021.10.23"]
[EventType "tourn (corr)"]
[EventRounds "6"]
[EventCountry "GER"]
[SourceTitle "Corr 2024"]
[Source "ChessBase"]
[SourceDate "2023.10.19"]
[SourceVersion "1"]
[SourceVersionDate "2023.10.19"]
[SourceQuality "1"]

1. d4 d5 2. Bf4 Nf6 3. e3 e6 4. Nf3 Bd6 5. Bxd6 Qxd6 6. c3 0-0 7. Bd3 b6 8. 0-0 Ba6 9. Bxa6 Nxa6 10. Nbd2 c5 11. h3 Nb8 12. Re1 Nc6 13. e4 dxe4 14. dxc5 Qd5 15. Nh2 Ne5 16. Qc2 Nd3 17. Re2 Nf4 18. Re3 Qg5 19. Ng4 Nxg4 20. hxg4 f5 21. cxb6 Qxg4 22. Rg3 Ne2+ 23. Kf1 Nxg3+ 24. fxg3 axb6 25. Qb3 f4 26. Kg1 fxg3 27. Qb4 Qh5 28. Nf3 Rxf3 29. gxf3 Qh2+ 0-1

[Event "LSS No Engine Cup 221 Preliminary 0"]
[Site "LSS email"]
[Date "2021.09.14"]
[Round "?"]
[White "Schnoewitz, Brigitte"]
[Black "Huber, Karl"]
[Result "0-1"]
[WhiteElo "1215"]
[BlackElo "1958"]
[PlyCount "30"]
[EventDate "2021.09.14"]
[EventType "tourn (corr)"]
[EventRounds "6"]
[EventCountry "GER"]
[SourceTitle "Corr 2024"]
[Source "ChessBase"]
[SourceDate "2023.10.19"]
[SourceVersion "1"]
[SourceVersionDate "2023.10.19"]
[SourceQuality "1"]

1. d4 d5 2. Bf4 c5 3. c3 Nf6 4. e3 Nc6 5. Nf3 Qb6 6. b3 cxd4 7. Nxd4 e5 8. Nxc6 exf4 9. Nd4 fxe3 10. Bb5+ Kd8 11. fxe3 Bd6 12. 0-0 Ng4 13. Rxf7 Bxh2+ 14. Kh1 Qh6 15. Nf5 Nf2# 0-1

[Event "LSS No Engine Cup 220 Preliminary 0"]
[Site "LSS email"]
[Date "2021.08.26"]
[Round "?"]
[White "Schnoewitz, Brigitte"]
[Black "PVlV, Leg"]
[Result "0-1"]
[WhiteElo "1253"]
[BlackElo "1600"]
[PlyCount "38"]
[EventDate "2021.08.26"]
[EventType "tourn (corr)"]
[EventRounds "6"]
[EventCountry "GER"]
[SourceTitle "Corr 2024"]
[Source "ChessBase"]
[SourceDate "2023.10.19"]
[SourceVersion "1"]
[SourceVersionDate "2023.10.19"]
[SourceQuality "1"]

1. d4 d5 2. Bf4 c6 3. e3 e6 4. Nf3 Nf6 5. Be2 Bd6 6. Bxd6 Qxd6 7. c3 Nbd7 8. h3 e5 9. dxe5 Nxe5 10. Nbd2 Nxf3+ 11. Nxf3 Ne4 12. Nd4 0-0 13. 0-0 Qg6 14. Kh1 f5 15. Nf3 f4 16. Qd4 Qh6 17. Nh2 fxe3 18. Qxe3 Qxe3 19. fxe3 Ng3+ 0-1

[Event "LSS No Engine Cup 215 Preliminary 0"]
[Site "LSS email"]
[Date "2021.03.13"]
[Round "?"]
[White "Hoehne, Ernst"]
[Black "Schnoewitz, Brigitte"]
[Result "0-1"]
[WhiteElo "2071"]
[BlackElo "1239"]
[PlyCount "71"]
[EventDate "2021.03.13"]
[EventType "tourn (corr)"]
[EventRounds "6"]
[EventCountry "GER"]
[SourceTitle "Corr 2024"]
[Source "ChessBase"]
[SourceDate "2023.10.19"]
[SourceVersion "1"]
[SourceVersionDate "2023.10.19"]
[SourceQuality "1"]

1. d4 d5 2. Nf3 Nf6 3. c4 e6 4. Bg5 Be7 5. Nc3 h6 6. Bh4 c6 7. e3 Nbd7 8. Qc2 dxc4 9. Bxc4 b5 10. Bd3 a5 11. 0-0 0-0 12. Bxf6 Nxf6 13. Ne5 Bb7 14. Ne4 Rc8 15. Rac1 Qb6 16. Nxf6+ Bxf6 17. Nd7 Qd8 18. Bh7+ Kh8 19. Nxf8 Qxf8 20. Be4 Qe8 21. Rfd1 Be7 22. a3 b4 23. Qa4 f5 24. Bf3 Bd8 25. axb4 axb4 26. Qxb4 Ba8 27. d5 exd5 28. Rxd5 c5 29. Rdxc5 Rxc5 30. Qxc5 Bxf3 31. gxf3 Qg6+ 32. Kf1 Qa6+ 33. Qc4 Qxc4+ 34. Rxc4 Bf6 35. b4 Kg8 36. b5 0-1

[Event "LSS No Engine Cup 215 Preliminary 0"]
[Site "LSS email"]
[Date "2021.03.13"]
[Round "?"]
[White "Schnoewitz, Brigitte"]
[Black "Oliveira, Luiz"]
[Result "0-1"]
[WhiteElo "1239"]
[BlackElo "1890"]
[PlyCount "58"]
[EventDate "2021.03.13"]
[EventType "tourn (corr)"]
[EventRounds "6"]
[EventCountry "GER"]
[SourceTitle "Corr 2024"]
[Source "ChessBase"]
[SourceDate "2023.10.19"]
[SourceVersion "1"]
[SourceVersionDate "2023.10.19"]
[SourceQuality "1"]

1. d4 Nf6 2. Bf4 g6 3. c3 Bg7 4. e3 0-0 5. Nf3 d6 6. h3 c5 7. Bd3 Qb6 8. Qc2 Nc6 9. 0-0 cxd4 10. exd4 Be6 11. Nbd2 Rac8 12. Rfe1 Nb4 13. Qb1 Nxd3 14. Qxd3 Qxb2 15. Reb1 Qxc3 16. Qxc3 Rxc3 17. Rxb7 Rfc8 18. Rxa7 Nd5 19. Bh2 Rc1+ 20. Rxc1 Rxc1+ 21. Nf1 Nc3 22. N3d2 Ne2+ 23. Kh1 Bxd4 24. Ra8+ Kg7 25. a4 Bc3 26. Bxd6 Bxd2 27. Bxe7 Rxf1+ 28. Kh2 Bf4+ 29. g3 Rxf2+ 0-1

[Event "LSS No Engine Cup 211 Preliminary 0"]
[Site "LSS email"]
[Date "2020.12.15"]
[Round "?"]
[White "Schnoewitz, Brigitte"]
[Black "Farnik, Kym"]
[Result "0-1"]
[WhiteElo "1256"]
[BlackElo "1600"]
[PlyCount "62"]
[EventDate "2020.12.15"]
[EventType "tourn (corr)"]
[EventRounds "6"]
[EventCountry "GER"]
[SourceTitle "Corr 2022"]
[Source "ChessBase"]
[SourceDate "2021.10.24"]
[SourceVersion "1"]
[SourceVersionDate "2021.10.24"]
[SourceQuality "1"]

1. d4 Nf6 2. Bf4 d5 3. e3 c5 4. c3 Nc6 5. Nf3 Nh5 6. Bg5 h6 7. Bh4 g5 8. Bg3 g4 9. Ne5 Nxg3 10. hxg3 Nxe5 11. dxe5 Bg7 12. Bb5+ Kf8 13. Rh5 Qb6 14. Qe2 a6 15. Na3 axb5 16. Nxb5 Bd7 17. a4 Bxb5 18. Qxg4 Bd3 19. b4 cxb4 20. Qd1 Bg6 21. f4 Bxh5 22. Qxh5 Qxe3+ 23. Kf1 bxc3 24. Qg4 Qd3+ 25. Kg1 Qe3+ 26. Kh2 c2 27. Qd7 c1Q 28. Rxc1 Qxc1 29. Qxb7 Rd8 30. a5 d4 31. a6 Qc8 0-1

[Event "LSS No Engine Cup 211 Preliminary 0"]
[Site "LSS email"]
[Date "2020.12.15"]
[Round "?"]
[White "Tylecek, Drahomir"]
[Black "Schnoewitz, Brigitte"]
[Result "1-0"]
[WhiteElo "1525"]
[BlackElo "1256"]
[PlyCount "43"]
[EventDate "2020.12.15"]
[EventType "tourn (corr)"]
[EventRounds "6"]
[EventCountry "GER"]
[SourceTitle "Corr 2022"]
[Source "ChessBase"]
[SourceDate "2021.10.24"]
[SourceVersion "1"]
[SourceVersionDate "2021.10.24"]
[SourceQuality "1"]

1. e4 c5 2. Nf3 a6 3. d4 cxd4 4. Nxd4 e6 5. Nc3 d6 6. Be3 Be7 7. Qd2 Nf6 8. f3 b5 9. 0-0-0 Bb7 10. g4 Nc6 11. g5 Nd7 12. h4 Nce5 13. Rg1 Rc8 14. h5 Nc4 15. Bxc4 Rxc4 16. g6 Bf6 17. gxf7+ Kxf7 18. Nxe6 Qc8 19. Qxd6 Bc6 20. Rxg7+ Bxg7 21. Nxg7 Kxg7 22. Qe7+ 1-0

[Event "LSS No Engine Cup 208 Preliminary 0"]
[Site "LSS email"]
[Date "2020.10.01"]
[Round "?"]
[White "Schnoewitz, Brigitte"]
[Black "Herzog, Klaus"]
[Result "0-1"]
[WhiteElo "1265"]
[BlackElo "2185"]
[PlyCount "58"]
[EventDate "2020.10.01"]
[EventType "tourn (corr)"]
[EventRounds "6"]
[EventCountry "GER"]
[SourceTitle "Corr 2022"]
[Source "ChessBase"]
[SourceDate "2021.10.24"]
[SourceVersion "1"]
[SourceVersionDate "2021.10.24"]
[SourceQuality "1"]

1. d4 d5 2. Bf4 Bf5 3. e3 e6 4. Nf3 Nd7 5. Be2 Bd6 6. Bxd6 cxd6 7. 0-0 Qb6 8. b3 Rc8 9. Bd3 Ngf6 10. Bxf5 exf5 11. Nbd2 0-0 12. c4 g6 13. cxd5 Qa6 14. Nc4 b5 15. Ncd2 Nb6 16. a4 b4 17. Rc1 Nfxd5 18. Rxc8 Rxc8 19. h4 Nc3 20. Qa1 Nbd5 21. Kh2 Nf6 22. Re1 Ng4+ 23. Kg1 Qd3 24. Nc4 Ne2+ 25. Kh1 Nxf2+ 26. Kh2 Ng4+ 27. Kh1 Ng3+ 28. Kg1 Rxc4 29. bxc4 Qc2 0-1